00657pam a2200193 a 4500020002500000040002300025041001000048082001700058100002200075245008100097250001700178260005700195300001900252365001200271653001700283930000800300999001700308952013800325 c4423.00 (Hard Cover) aDental College Lib aengh a617.643bSTO aStockfisch, Hugo. aPrinciples and Practice of Dentofacial Orthopaedics / c.hTextual Documents a1st ed / b. aLondon : bQuintessence Publishing Co, Inc , c1995. a542 ; c31x22. a4423.00 aOrthodontics a827 c40230d40230 001040708ReferenceaDCPbDCPd1900-01-01g4423.00l9m1o617.643 STOpDCP-1545r2025-08-07 00:00:00s2025-08-07t1w2023-02-24yBK